000 00693nam a2200229 a 4500
999 _c10622
_d10622
001 10622
003 BD-JhCC
005 20200219134008.0
008 180730s20141992ii |||| |||| 000 0 ben d
020 _a8172151195
035 _a(BD-JhCC)10622
040 _aBD-JhCC
_dBD-JhCC
041 _aben
082 _a001
_bBOR 2014
100 _aবর্ধন, অদ্রীশ
245 _aআমার মা সব জানে /
_cঅদ্রীশ বর্ধন,
260 _aঢাকা :
_bআনন্দ,
_c2014
300 _a১-৩ খন্ড :
_c২১ সেমি.
650 _aGeneral Knowledge
650 _aসাধারণ জ্ঞান
942 _2ddc
_cBK
_07